| Registos Bibliográficos associados ao registo de autoridade |
|
Etiqueta de registo: 00230ncm 2200025 450 001 2282698 003 http://id.bnportugal.gov.pt/bib/catbnp/2282698 010 ## $a978-989-33-8179-3 021 ## $aPT$b551692/25 100 ## $a20260323d2025 m y0pory01030103ba 101 0# $apor 102 ## $aPT 106 ## $ar 200 1# $aPequenas canções para grandes corações$bMúsica impressa]$fAlberto Moreira$gil. Yohan Girod$gpintou Carla Monteiro 205 ## $a1ª ed 210 #9 $a[S.l.$cs.n.],$d2025$eBraga$gGraf. Diário do Minho) 215 ## $a1 partitura (25 p.)$d17 cm 500 10 $aCanções,$rVV 606 ## $aMúsica para crianças$j[Música impressa]$2SIPOR$31228501 675 ## $a784.67$vBN$zpor$3336611 675 ## $a78.089.6$vBN$zpor$3536969 700 #1 $aMoreira,$bAlberto,$f1965-$31745744 702 #1 $aGirod,$bYohan$4440$31993102 702 #1 $aMonteiro,$bCarla$4440$3942120 801 #0 $aPT$bBN$gRPC 900 ## $aBIBNAC$d20260323 966 ## $lBN$mMUSICA$sM.P. 896 P. $x1 966 ## $lBN$mMUSICA$sM.P. 896 P.-D $x1 971 ## $cjamaral$d20260323
|
|
|